[Event "3rd Washington Chess Congress"]
[Site "Arlington, VA"]
[Date "2016.10.09"]
[Round "7"]
[White "Aponte, Felix Ynojosa"]
[Black "Li, Ruifeng"]
[Result "0-1"]
[WhiteElo "2410"]
[BlackElo "2538"]
[PlyCount "82"]
[EventDate "2016.10.??"]
[EventType "swiss"]
[EventRounds "9"]
[EventCountry "USA"]

1. d4 Nf6 2. c4 e6 3. Nc3 Bb4 4. e3 O-O 5. Bd3 d5 6. Nge2 b6 7. O-O Bd6 8. Ng3
c5 9. dxc5 bxc5 10. e4 d4 11. Nb5 Bxg3 12. hxg3 a6 13. Na3 e5 14. Nc2 Nc6 15.
Rb1 Rb8 16. Bd2 a5 17. f3 Ne8 18. g4 f6 19. g3 Nd6 20. b3 Be6 21. a4 Qd7 22.
Na3 Nb4 23. Qe2 Bxg4 24. fxg4 Nxd3 25. Qxd3 Qxg4 26. Qf3 Qg6 27. Rbe1 f5 28.
exf5 Nxf5 29. Qd3 e4 30. Qxe4 Qxg3+ 31. Qg2 Rxb3 32. Nb1 Qxg2+ 33. Kxg2 Nh4+
34. Kh1 Rh3+ 35. Kg1 Nf3+ 36. Kg2 Nxe1+ 37. Rxe1 Rb3 38. Bxa5 Ra8 39. Bc7 Rb2+
40. Kf3 Rxa4 41. Bf4 Ra1 0-1

[Event "3rd Washington Chess Congress"]
[Site "Arlington, VA"]
[Date "2016.10.09"]
[Round "7"]
[White "Checa, Nicolas"]
[Black "Drozdowski, Kacper"]
[Result "1-0"]
[WhiteElo "2420"]
[BlackElo "2507"]
[PlyCount "62"]
[EventDate "2016.10.??"]
[EventType "swiss"]
[EventRounds "9"]
[EventCountry "USA"]

1. d4 d6 2. Nf3 g6 3. c4 Bg7 4. Nc3 e5 5. dxe5 dxe5 6. Qxd8+ Kxd8 7. Be3 Be6 8.
O-O-O+ Nd7 9. b3 f6 10. h4 Nh6 11. Bxh6 Bxh6+ 12. Kb2 c6 13. g3 Ke7 14. Bh3 f5
15. e4 Rhf8 16. Ng5 Bxg5 17. hxg5 Rf7 18. exf5 gxf5 19. f4 h6 20. gxh6 Rh8 21.
fxe5 Rxh6 22. Ne2 Nxe5 23. Nf4 Nf3 24. Rhf1 Ng5 25. Nxe6 Kxe6 26. Rde1+ Kd6 27.
Bxf5 Rh2+ 28. Ka3 a5 29. g4 Rg2 30. Re8 Kc5 31. Re5+ Kb6 1-0

[Event "3rd Washington Chess Congress"]
[Site "Arlington, VA"]
[Date "2016.10.09"]
[Round "7"]
[White "Balakrishnan, Praveen"]
[Black "Brodsky, David"]
[Result "0-1"]
[WhiteElo "2458"]
[BlackElo "2277"]
[PlyCount "82"]
[EventDate "2016.10.??"]
[EventType "swiss"]
[EventRounds "9"]
[EventCountry "USA"]

1. e4 e5 2. Nf3 Nc6 3. Bc4 Bc5 4. d3 Nf6 5. O-O O-O 6. c3 d6 7. a4 a5 8. h3 Ba7
9. Bg5 h6 10. Bh4 g5 11. Nxg5 hxg5 12. Bxg5 Kg7 13. Qf3 Rh8 14. Na3 Rh7 15. Nc2
Kg6 16. h4 Qh8 17. Ne3 Rxh4 18. Bxh4 Qxh4 19. g3 Qh3 20. Qg2 Qh6 21. Qh2 Bxe3
22. fxe3 Qxe3+ 23. Kh1 Be6 24. Bxe6 fxe6 25. Qh3 Qg5 26. Qxe6 Rh8+ 27. Kg2 Qd2+
28. Rf2 Rh2+ 29. Kxh2 Qxf2+ 30. Kh1 Qf3+ 31. Kh2 Nd8 32. Qh3 Ng4+ 33. Kg1 Qe3+
34. Kg2 Qe2+ 35. Kg1 Nf7 36. Rf1 Nfh6 37. Rf8 Kg7 38. Rc8 Qf2+ 39. Kh1 Qe1+ 40.
Kg2 Ne3+ 41. Kf3 Qd1+ 0-1

[Event "3rd Washington Chess Congress"]
[Site "Arlington, VA"]
[Date "2016.10.09"]
[Round "7"]
[White "Zhang, Yuanchen"]
[Black "Raghuram Rao, Prasanna"]
[Result "1/2-1/2"]
[WhiteElo "2289"]
[BlackElo "2466"]
[PlyCount "91"]
[EventDate "2016.10.??"]
[EventType "swiss"]
[EventRounds "9"]
[EventCountry "USA"]

1. e4 c5 2. Nf3 e6 3. d4 cxd4 4. Nxd4 Nc6 5. Nc3 Qc7 6. Be3 Nf6 7. Qf3 a6 8.
O-O-O Be7 9. Be2 d6 10. g4 Nd7 11. Qg2 b5 12. a3 Bb7 13. g5 Nxd4 14. Bxd4 e5
15. Be3 Rc8 16. Bg4 Rd8 17. h4 Nb6 18. Bxb6 Qxb6 19. Nd5 Bxd5 20. Rxd5 b4 21.
axb4 Qxb4 22. Rh3 Qb6 23. Rb3 Qa7 24. Qf3 O-O 25. Qe3 Qa8 26. Ra3 Rb8 27. Qe2
Rb6 28. Rda5 Qb7 29. Ra2 Rb8 30. b3 Rc6 31. Kb1 Ra8 32. Bh3 Bd8 33. Rd5 Bb6 34.
Ra4 Bd4 35. Bf1 Rac8 36. Qd2 Rc3 37. Rdxd4 exd4 38. Bxa6 Rxb3+ 39. Ka2 Rb2+ 40.
Ka3 Qb8 41. Bxc8 Rb1 42. Qxd4 Qxc8 43. Rc4 Qf8 44. Rb4 Qa8+ 45. Ra4 Qc8 46. Rc4
1/2-1/2

[Event "3rd Washington Chess Congress"]
[Site "Arlington, VA"]
[Date "2016.10.09"]
[Round "7"]
[White "Jian, Alex"]
[Black "Kadric, Denis"]
[Result "0-1"]
[WhiteElo "2037"]
[BlackElo "2594"]
[PlyCount "86"]
[EventDate "2016.10.??"]
[EventType "swiss"]
[EventRounds "9"]
[EventCountry "USA"]

1. d4 d6 2. Nf3 g6 3. c4 Bg7 4. e4 e5 5. Nc3 Nd7 6. Bg5 Ngf6 7. d5 a5 8. Be2
O-O 9. Nd2 Nc5 10. O-O Qe8 11. b3 Nfd7 12. Be3 f5 13. f3 Rf7 14. a3 Qf8 15.
exf5 gxf5 16. Rc1 Bh6 17. f4 exf4 18. Bxf4 Ne5 19. Qc2 Bxf4 20. Rxf4 Ng6 21.
Rf2 f4 22. Nf3 Bf5 23. Qd1 Re8 24. Nd4 Re3 25. Qd2 Qe8 26. b4 axb4 27. axb4 Ne4
28. Nxe4 Qxe4 29. Rcf1 Re7 30. Bf3 Qe5 31. Nxf5 Qxf5 32. Bd1 Qe5 33. Rf3 Qg5
34. Kh1 R7e4 35. Qc2 Qe5 36. Qa2 Kg7 37. c5 Rxb4 38. Qa5 dxc5 39. Qxc5 Rd4 40.
Qb5 Qxd5 41. Qb2 Ne5 42. Bb3 Qe4 43. Bc2 Rd2 0-1

[Event "3rd Washington Chess Congress"]
[Site "Arlington, VA"]
[Date "2016.10.09"]
[Round "7"]
[White "Huang, Andy"]
[Black "Treger, Yefim"]
[Result "1-0"]
[WhiteElo "2152"]
[BlackElo "2176"]
[PlyCount "81"]
[EventDate "2016.10.??"]
[EventType "swiss"]
[EventRounds "9"]
[EventCountry "USA"]

1. e4 g6 2. d4 Bg7 3. Nc3 a6 4. Nf3 d6 5. Be3 b5 6. Bd3 Nd7 7. O-O c5 8. a4 b4
9. Ne2 Qc7 10. c4 Bb7 11. Qd2 Ngf6 12. Ng3 Ng4 13. Rad1 a5 14. b3 O-O-O 15. Bg5
f6 16. Be3 e5 17. h3 Nxe3 18. fxe3 Bh6 19. Qe2 Rde8 20. Bc2 exd4 21. exd4 d5
22. dxc5 Nxc5 23. cxd5 Bf4 24. Nh1 Ba6 25. Bd3 Bxd3 26. Rxd3 Rxe4 27. Qc2 Nxd3
28. Qxd3 Qb6+ 29. Nf2 f5 30. Kh1 Re7 31. Nd4 Rd8 32. Qc4+ Rc7 33. Nc6 Bd6 34.
Qe2 Rdd7 35. Rc1 Kb7 36. Qe8 Re7 37. Qb8+ Ka6 38. Qa8+ Ra7 39. Nxa7 Rxa7 40.
Qc8+ Rb7 41. Rc6 1-0

[Event "3rd Washington Chess Congress"]
[Site "Arlington, VA"]
[Date "2016.10.09"]
[Round "7"]
[White "Srinivas, Vivek"]
[Black "Ulrich, Rachel"]
[Result "1/2-1/2"]
[WhiteElo "1916"]
[BlackElo "1916"]
[PlyCount "73"]
[EventDate "2016.10.??"]
[EventType "swiss"]
[EventRounds "9"]
[EventCountry "USA"]

1. e4 c5 2. Nc3 d6 3. g3 g6 4. Bg2 Nc6 5. d3 Bg7 6. f4 e6 7. Nf3 Nge7 8. O-O
O-O 9. Be3 Rb8 10. h3 b5 11. a3 a5 12. Rb1 b4 13. Ne2 Ba6 14. Kh2 Qc7 15. Qd2
Rfc8 16. g4 f5 17. Ng3 fxe4 18. Nxe4 Nd5 19. Nfg5 Nxe3 20. Qxe3 Re8 21. c3 h6
22. Nf3 Kh7 23. axb4 axb4 24. Rfe1 Ne7 25. h4 Nd5 26. Qd2 Nf6 27. Nxf6+ Bxf6
28. g5 hxg5 29. Nxg5+ Bxg5 30. hxg5 bxc3 31. bxc3 Qf7 32. Re3 Bb7 33. Bxb7 Rxb7
34. Rh3+ Kg8 35. Qf2 Qg7 36. d4 Reb8 37. Qe3 1/2-1/2

[Event "3rd Washington Chess Congress"]
[Site "Arlington, VA"]
[Date "2016.10.09"]
[Round "7"]
[White "Wang, Wesley"]
[Black "Bouzoukis, Charles"]
[Result "0-1"]
[WhiteElo "2076"]
[BlackElo "2098"]
[PlyCount "120"]
[EventDate "2016.10.??"]
[EventType "swiss"]
[EventRounds "9"]
[EventCountry "USA"]

1. e4 d6 2. d4 Nf6 3. Nc3 Nbd7 4. Nf3 e5 5. Bc4 Be7 6. O-O O-O 7. Re1 c6 8. a4
b6 9. h3 a6 10. Bb3 Rb8 11. Qe2 b5 12. axb5 axb5 13. Bg5 h6 14. Bh4 Nh5 15.
Bxe7 Qxe7 16. g3 Nb6 17. Kh2 Nf6 18. Rad1 Re8 19. dxe5 dxe5 20. Nh4 Kf8 21. Rd2
Rd8 22. Rxd8+ Qxd8 23. Rd1 Qe7 24. Nf3 Nbd7 25. Ne1 Nc5 26. Nd3 Nxd3 27. Qxd3
Be6 28. Bxe6 Qxe6 29. b4 Qe7 30. Qd6 Qxd6 31. Rxd6 Rc8 32. Rd2 Ke7 33. f4 Nd7
34. Kg2 Nb6 35. Kf2 Nc4 36. Rd1 Ra8 37. fxe5 Ra3 38. Ne2 Nxe5 39. Nd4 g6 40.
Nb3 Ra2 41. Rd2 Ra4 42. Rd4 Nc4 43. c3 Ra2+ 44. Kg1 Ra3 45. Nc5 Rxc3 46. Rd7+
Kf6 47. Rc7 Ne5 48. Nd7+ Nxd7 49. Rxd7 Ke6 50. Rc7 Rxg3+ 51. Kf2 Rc3 52. h4 h5
53. Ke2 Rc4 54. Ke3 f5 55. exf5+ Kxf5 56. Rf7+ Kg4 57. Rf6 g5 58. hxg5 Kxg5 59.
Rd6 Kf5 60. Kf2 Rf4+ 0-1

[Event "3rd Washington Chess Congress"]
[Site "Arlington, VA"]
[Date "2016.10.09"]
[Round "7"]
[White "Belous, Vladimir"]
[Black "Wegerle, Joerg"]
[Result "1-0"]
[WhiteElo "2585"]
[BlackElo "2442"]
[PlyCount "48"]
[EventDate "2016.10.??"]
[EventType "swiss"]
[EventRounds "9"]
[EventCountry "USA"]

1. d4 d5 2. c4 e6 3. Nc3 Nf6 4. Nf3 Be7 5. Bf4 O-O 6. e3 b6 7. Rc1 c5 8. cxd5
exd5 9. Bd3 Bb7 10. h3 Na6 11. O-O Nc7 12. Qe2 Ne6 13. Be5 Nd7 14. Bh2 Re8 15.
Rfd1 cxd4 16. exd4 a6 17. Qc2 Ndf8 18. Re1 Bd6 19. Bxd6 Qxd6 20. Qd2 Nc7 21.
Ne2 h6 22. Ng3 Rxe1+ 23. Rxe1 Bc8 24. Nh4 Be6 1-0

[Event "3rd Washington Chess Congress"]
[Site "Arlington, VA"]
[Date "2016.10.09"]
[Round "7"]
[White "Guo, Arthur"]
[Black "De Fotis, Gary"]
[Result "1-0"]
[WhiteElo "2168"]
[BlackElo "1959"]
[PlyCount "63"]
[EventDate "2016.10.??"]
[EventType "swiss"]
[EventRounds "9"]
[EventCountry "USA"]

1. e4 c5 2. Ne2 d6 3. g3 Nc6 4. Bg2 g6 5. c3 Bg7 6. d4 cxd4 7. cxd4 Nf6 8. O-O
O-O 9. Nbc3 Bd7 10. h3 Rc8 11. Be3 a6 12. Qd2 b5 13. Rac1 Qa5 14. b3 Rfd8 15.
Rfd1 Qb4 16. d5 Nb8 17. Bb6 Rf8 18. Qe3 a5 19. Nb1 a4 20. Rd4 Ng4 21. Rxb4 Nxe3
22. Rxc8 Rxc8 23. Bxe3 Na6 24. Rd4 Bxd4 25. Nxd4 axb3 26. axb3 Nc5 27. Nd2 e5
28. dxe6 Nxe6 29. N2f3 Nc5 30. e5 dxe5 31. Nxe5 Be8 32. Ndc6 1-0

[Event "3rd Washington Chess Congress"]
[Site "Arlington, VA"]
[Date "2016.10.09"]
[Round "7"]
[White "Opaska, Michael"]
[Black "Harper, Ryan"]
[Result "0-1"]
[WhiteElo "2002"]
[BlackElo "2207"]
[PlyCount "76"]
[EventDate "2016.10.??"]
[EventType "swiss"]
[EventRounds "9"]
[EventCountry "USA"]

1. d4 Nf6 2. c4 c5 3. d5 e6 4. Nc3 exd5 5. cxd5 d6 6. Nf3 g6 7. Nd2 Nbd7 8. a4
Be7 9. e4 O-O 10. Be2 Re8 11. O-O Bf8 12. a5 a6 13. f4 b5 14. axb6 Nxb6 15. Bf3
Bd7 16. Nb3 a5 17. e5 a4 18. Nxc5 dxc5 19. exf6 Qxf6 20. Ne4 Qd8 21. d6 Bb5 22.
f5 Nd7 23. fxg6 hxg6 24. Bg5 Qb6 25. Qd5 Bxf1 26. Bg4 Qxb2 27. Rxf1 Qd4+ 28.
Qxd4 cxd4 29. Bxd7 Rxe4 30. Bc6 Re5 31. Bf6 Rea5 32. Bxa8 Bxd6 33. Bf3 Bc5 34.
Rb1 a3 35. Rb8+ Bf8 36. Bxd4 a2 37. Ra8 Rxa8 38. Bxa8 Bc5 0-1

[Event "3rd Washington Chess Congress"]
[Site "Arlington, VA"]
[Date "2016.10.09"]
[Round "7"]
[White "Ramanathan, Suraj"]
[Black "Altman, Joshua"]
[Result "0-1"]
[WhiteElo "1672"]
[BlackElo "1735"]
[PlyCount "148"]
[EventDate "2016.10.??"]
[EventType "swiss"]
[EventRounds "9"]
[EventCountry "USA"]

1. d4 e6 2. c4 Nf6 3. Nf3 Bb4+ 4. Bd2 Bxd2+ 5. Qxd2 O-O 6. Nc3 d5 7. e3 c6 8.
Bd3 Nbd7 9. O-O Re8 10. e4 dxe4 11. Nxe4 Nxe4 12. Bxe4 Nf6 13. Bd3 Qc7 14. b4
b6 15. Qe3 Bb7 16. Ne5 Rad8 17. Rfd1 h6 18. Rac1 Rc8 19. c5 Nd5 20. Qd2 b5 21.
Be4 Nf6 22. Bf3 Nd7 23. Qe3 Nf6 24. Qa3 Nd7 25. Qc3 Ra8 26. Ra1 Nf6 27. a4 a6
28. Rd2 Nd5 29. Qb3 bxa4 30. Qxa4 Ra7 31. Nc4 Bc8 32. Re1 Bd7 33. Rb2 Rb8 34.
Na5 Rb5 35. Qa3 Nxb4 36. Rxb4 Qxa5 37. Qxa5 Rxa5 38. Rb6 Rc7 39. Be4 g6 40. g3
Ra4 41. Bf3 a5 42. Ra6 Ra3 43. Re3 Ra1+ 44. Kg2 a4 45. Rd3 Kg7 46. Bd1 Rb7 47.
Rxa4 Rc1 48. Rb3 Rc7 49. Bf3 e5 50. Rbb4 Be6 51. Ra5 exd4 52. Rxd4 g5 53. Rd1
Rc2 54. Be4 Re2 55. Bf3 Re5 56. Rd6 g4 57. Bxc6 Rxc6 58. Rxc6 Bd5+ 59. Kf1 Bxc6
60. Ra3 Rxc5 61. Ke2 Bf3+ 62. Ke3 Re5+ 63. Kf4 Re2 64. h3 Re4+ 65. Kf5 gxh3 66.
Rxf3 h2 67. Kxe4 h1=Q 68. Ke3 Kg6 69. Rf4 f5 70. Kd4 Qe1 71. Kd3 Kg5 72. Kd4 h5
73. Kc5 h4 74. Rxh4 Qxf2+ 0-1

[Event "3rd Washington Chess Congress"]
[Site "Arlington, VA"]
[Date "2016.10.09"]
[Round "7"]
[White "Lowinger, Daniel"]
[Black "Prem, Pranav"]
[Result "1-0"]
[WhiteElo "2115"]
[BlackElo "1765"]
[PlyCount "101"]
[EventDate "2016.10.??"]
[EventType "swiss"]
[EventRounds "9"]
[EventCountry "USA"]

1. e4 e6 2. d4 d5 3. Nc3 Nf6 4. e5 Nfd7 5. f4 c5 6. Nf3 Nc6 7. Be3 a6 8. Qd2 b5
9. dxc5 Bxc5 10. Bd3 Qb6 11. Nd1 Bb7 12. Bxc5 Qxc5 13. Nf2 Rc8 14. O-O h6 15.
Rae1 Nb4 16. a3 Nxd3 17. cxd3 O-O 18. Rc1 Qb6 19. d4 a5 20. Nd3 Ba6 21. Nc5
Nxc5 22. dxc5 Rxc5 23. Qd4 Rc6 24. Qxb6 Rxb6 25. b4 axb4 26. axb4 Rbb8 27. Rc7
Rfc8 28. Rfc1 Rxc7 29. Rxc7 Rc8 30. Rxc8+ Bxc8 31. Kf2 Kf8 32. Ke3 Ke7 33. Kd4
Kd8 34. Kc5 Bd7 35. Kd6 Be8 36. Ne1 Bd7 37. Nd3 Be8 38. Nc5 g6 39. g3 d4 40.
Nd3 Bd7 41. Kc5 Kc7 42. Kxd4 Kc6 43. Nc5 Bc8 44. Ne4 Bd7 45. Nf6 Bc8 46. Ng8
Bd7 47. Nxh6 Be8 48. h4 Kb6 49. g4 Kc6 50. Ng8 Kb6 51. Nf6 1-0

[Event "3rd Washington Chess Congress"]
[Site "Arlington, VA"]
[Date "2016.10.09"]
[Round "7"]
[White "Caluza, Severo"]
[Black "Aiken, Richard"]
[Result "0-1"]
[WhiteElo "1773"]
[BlackElo "1974"]
[PlyCount "50"]
[EventDate "2016.10.??"]
[EventType "swiss"]
[EventRounds "9"]
[EventCountry "USA"]

1. c4 e5 2. g3 Nf6 3. Nc3 Nc6 4. Bg2 Bc5 5. a3 a5 6. e3 d6 7. Nge2 Bg4 8. Qc2
Qd7 9. Nd5 Nxd5 10. cxd5 Ne7 11. h3 Bh5 12. g4 Bg6 13. d3 Qb5 14. e4 c6 15. Nc3
Qa6 16. dxc6 bxc6 17. Bf1 Bd4 18. f4 exf4 19. Bxf4 Rd8 20. Qh2 d5 21. Be5 Qa7
22. Bxd4 Qxd4 23. Qf2 dxe4 24. Nxe4 Bxe4 25. Qd2 Rd5 0-1

[Event "3rd Washington Chess Congress"]
[Site "Arlington, VA"]
[Date "2016.10.09"]
[Round "7"]
[White "Greanias, Steven"]
[Black "Heidari, Ako"]
[Result "1-0"]
[WhiteElo "2089"]
[BlackElo "1799"]
[PlyCount "91"]
[EventDate "2016.10.??"]
[EventType "swiss"]
[EventRounds "9"]
[EventCountry "USA"]

1. c4 e6 2. Nf3 Nf6 3. g3 b6 4. Bg2 Bb7 5. O-O Be7 6. d3 O-O 7. e4 d6 8. Nc3 e5
9. Re1 Re8 10. d4 exd4 11. Nxd4 Bf8 12. Bg5 Nbd7 13. Nd5 h6 14. Nxf6+ Nxf6 15.
Bxf6 Qxf6 16. Nb5 Qd8 17. Qd2 g6 18. Nc3 Bg7 19. Nd5 c6 20. Nf4 Qf6 21. Rad1
Rad8 22. Qc2 Ba6 23. Qa4 Bc8 24. Qxc6 Bg4 25. Rd2 Rc8 26. Qa4 Qg5 27. Rd5 Qe7
28. Rd3 Bd7 29. Qxa7 Rxc4 30. Qxb6 Bc3 31. Rxc3 Rxc3 32. bxc3 Rc8 33. Rc1 Rc4
34. Qe3 Kg7 35. h4 Bc6 36. Qd3 Ra4 37. Rc2 Qb7 38. f3 f5 39. exf5 gxf5 40. Qxf5
Bd7 41. Qd3 Qb1+ 42. Kh2 Bb5 43. Qd2 Bc4 44. Rb2 Qg6 45. Qd4+ Qf6 46. Rb7+ 1-0

[Event "3rd Washington Chess Congress"]
[Site "Arlington, VA"]
[Date "2016.10.07"]
[Round "7"]
[White "Bennett, David"]
[Black "Yagiz, Bora"]
[Result "1-0"]
[WhiteElo "2085"]
[BlackElo "1913"]
[PlyCount "63"]
[EventDate "2016.10.??"]
[EventType "swiss"]
[EventRounds "9"]
[EventCountry "USA"]

1. c4 g6 2. g3 Bg7 3. Bg2 d6 4. Nc3 e5 5. e3 f5 6. Nge2 Nf6 7. d3 O-O 8. O-O
Nc6 9. Rb1 a5 10. a3 Be6 11. Nd5 Rb8 12. Qd2 Ne8 13. f4 Qd7 14. b3 b6 15. b4
axb4 16. axb4 b5 17. Bb2 Qf7 18. Rfc1 Nd8 19. e4 c6 20. Ne3 fxe4 21. Bxe4 d5
22. cxd5 cxd5 23. Bg2 d4 24. Nc2 Bg4 25. Rf1 Bxe2 26. Qxe2 Qf6 27. Rfe1 Nc6 28.
Nxd4 Nxd4 29. Bxd4 Rd8 30. Bc5 Rf7 31. fxe5 Rfd7 32. d4 1-0

[Event "3rd Washington Chess Congress"]
[Site "Arlington, VA"]
[Date "2016.10.09"]
[Round "8"]
[White "Li, Ruifeng"]
[Black "Sadorra, Julio"]
[Result "1/2-1/2"]
[WhiteElo "2538"]
[BlackElo "2573"]
[PlyCount "50"]
[EventDate "2016.10.??"]
[EventType "swiss"]
[EventRounds "9"]
[EventCountry "USA"]

1. e4 e6 2. d4 d5 3. Nc3 Bb4 4. exd5 exd5 5. Bd3 Nf6 6. Nge2 O-O 7. O-O c6 8.
Ng3 Re8 9. h3 Nbd7 10. Qf3 Bf8 11. Nf5 Nb6 12. Bg5 Bxf5 13. Qxf5 Nbd7 14. Ne2
Qb6 15. b3 g6 16. Qf3 Ne4 17. Be3 Qa5 18. c4 Bg7 19. a3 Nf8 20. b4 Qd8 21. cxd5
cxd5 22. Nf4 Qd7 23. Rfc1 Red8 24. Ra2 Ne6 25. Nxe6 Qxe6 1/2-1/2

[Event "3rd Washington Chess Congress"]
[Site "Arlington, VA"]
[Date "2016.10.09"]
[Round "8"]
[White "Raghuram Rao, Prasanna"]
[Black "Belous, Vladimir"]
[Result "1/2-1/2"]
[WhiteElo "2466"]
[BlackElo "2585"]
[PlyCount "41"]
[EventDate "2016.10.??"]
[EventType "swiss"]
[EventRounds "9"]
[EventCountry "USA"]

1. e4 c5 2. Nf3 Nc6 3. Bb5 g6 4. Bxc6 dxc6 5. O-O Bg7 6. d3 Nh6 7. Nbd2 O-O 8.
h3 f6 9. b3 Nf7 10. Bb2 e5 11. Qe2 Qc7 12. a4 a5 13. Nc4 Nd8 14. c3 Ne6 15. d4
b5 16. axb5 cxb5 17. Ne3 Nf4 18. Qc2 cxd4 19. cxd4 Qxc2 20. Nxc2 Bb7 21. dxe5
1/2-1/2

[Event "3rd Washington Chess Congress"]
[Site "Arlington, VA"]
[Date "2016.10.09"]
[Round "8"]
[White "Drozdowski, Kacper"]
[Black "Guo, Arthur"]
[Result "1-0"]
[WhiteElo "2507"]
[BlackElo "2168"]
[PlyCount "93"]
[EventDate "2016.10.??"]
[EventType "swiss"]
[EventRounds "9"]
[EventCountry "USA"]

1. c4 Nf6 2. Nc3 e6 3. e4 d5 4. e5 d4 5. exf6 dxc3 6. bxc3 Qxf6 7. d4 e5 8. Nf3
Nc6 9. Bg5 Qg6 10. d5 Nb8 11. h4 e4 12. Nd4 Bc5 13. Nb3 Nd7 14. Nxc5 Nxc5 15.
Qd4 Nd7 16. Bf4 O-O 17. Bxc7 b6 18. h5 Qf6 19. h6 g6 20. a4 Bb7 21. Be2 Rfc8
22. d6 Qxd4 23. cxd4 Nf6 24. a5 Ne8 25. axb6 axb6 26. Rxa8 Rxa8 27. O-O Nxc7
28. dxc7 Rc8 29. Rb1 Rxc7 30. Rxb6 Bc8 31. f3 exf3 32. gxf3 Kf8 33. Kf2 Ke7 34.
Bd3 Bd7 35. Ke3 Ra7 36. d5 Ra5 37. Kd4 Ra4 38. Ke5 Ra5 39. f4 f5 40. Rb8 Be8
41. Kd4 Ra4 42. Bc2 Ra2 43. Rb7+ Bd7 44. Bb3 Ra5 45. c5 Kd8 46. c6 Bc8 47. Rxh7
1-0

[Event "3rd Washington Chess Congress"]
[Site "Arlington, VA"]
[Date "2016.10.09"]
[Round "8"]
[White "Gorti, Akshita"]
[Black "Zhang, Yuanchen"]
[Result "1-0"]
[WhiteElo "2182"]
[BlackElo "2289"]
[PlyCount "103"]
[EventDate "2016.10.??"]
[EventType "swiss"]
[EventRounds "9"]
[EventCountry "USA"]

1. d4 Nf6 2. c4 e6 3. Nf3 Bb4+ 4. Nbd2 b6 5. a3 Bxd2+ 6. Qxd2 Bb7 7. e3 O-O 8.
Be2 d6 9. O-O Nbd7 10. b4 Qe7 11. Bb2 Ne4 12. Qc2 c5 13. Rfd1 Rac8 14. dxc5
bxc5 15. b5 d5 16. Bd3 Ndf6 17. Ne5 h6 18. a4 Nd6 19. Qe2 Rfd8 20. Rac1 Ba8 21.
Bc3 Nfe4 22. Ba5 Re8 23. f3 Nf6 24. Bc3 Nd7 25. Nxd7 Qxd7 26. Qf2 Qe7 27. Qg3
e5 28. f4 Nxc4 29. Bxc4 dxc4 30. fxe5 Qb7 31. Rd2 Re6 32. Qf4 Rg6 33. Rcc2 Re8
34. Qxc4 Kh7 35. a5 Rd8 36. e4 Rxd2 37. Rxd2 Qxe4 38. Qxe4 Bxe4 39. g3 Bf5 40.
Rd8 Re6 41. Rd7 Rxe5 42. Rxa7 Re3 43. Rxf7 Kg6 44. Rxg7+ Kh5 45. Bf6 c4 46. Rc7
Rb3 47. b6 Bd3 48. Bd4 Kg4 49. Kf2 Ra3 50. Rg7+ Kf5 51. b7 Ra2+ 52. Ke1 1-0

[Event "3rd Washington Chess Congress"]
[Site "Arlington, VA"]
[Date "2016.10.09"]
[Round "8"]
[White "Popilski, Gil"]
[Black "Stukopin, Andrey"]
[Result "1-0"]
[WhiteElo "2564"]
[BlackElo "2596"]
[PlyCount "95"]
[EventDate "2016.10.??"]
[EventType "swiss"]
[EventRounds "9"]
[EventCountry "USA"]

1. e4 e5 2. Nf3 Nc6 3. d4 exd4 4. Nxd4 Bc5 5. Be3 Qf6 6. c3 Nge7 7. Bc4 Bb6 8.
O-O Ne5 9. Be2 Qg6 10. Nd2 d5 11. Bh5 Qd6 12. f4 N5c6 13. e5 Qh6 14. Qe2 Nxd4
15. Bxd4 c5 16. Bf2 g6 17. Bg4 O-O 18. a4 Qxf4 19. Bxc8 Raxc8 20. a5 Bd8 21.
Bxc5 Qh6 22. Bd6 Re8 23. Qf3 Nf5 24. Qxd5 Rc6 25. Ne4 Re6 26. Rf3 Qh5 27. Bb8
Be7 28. Raf1 a6 29. Ba7 Nd6 30. Bd4 Nxe4 31. Qxe4 f5 32. Qd5 Qg4 33. Qd7 Qe4
34. Qxb7 Qd5 35. Rd3 Qxa5 36. b4 Qb5 37. Qxb5 axb5 38. Ra1 Ra6 39. Rdd1 Kf7 40.
Kf2 Bd8 41. Ke3 Rec6 42. Bc5 Bg5+ 43. Kd4 Ke6 44. c4 Bf4 45. cxb5 Bxe5+ 46. Kd3
Rd6+ 47. Bxd6 Rxd6+ 48. Kc4 1-0

[Event "3rd Washington Chess Congress"]
[Site "Arlington, VA"]
[Date "2016.10.09"]
[Round "8"]
[White "Brodsky, David"]
[Black "Berczes, David"]
[Result "1-0"]
[WhiteElo "2277"]
[BlackElo "2478"]
[PlyCount "87"]
[EventDate "2016.10.??"]
[EventType "swiss"]
[EventRounds "9"]
[EventCountry "USA"]

1. e4 e5 2. Nf3 Nc6 3. Bb5 g6 4. d4 exd4 5. c3 Bg7 6. cxd4 a6 7. Be2 d6 8. Nc3
Nf6 9. O-O O-O 10. d5 Nb8 11. Nd4 Re8 12. f3 c5 13. Nc2 b5 14. a4 b4 15. Nb1
Nh5 16. g4 Nf6 17. Ne3 h5 18. h3 hxg4 19. hxg4 Nxe4 20. fxe4 Rxe4 21. Bd3 Rd4
22. Qf3 Qe7 23. Bc2 Nd7 24. Qg3 Ne5 25. Bd1 Nd3 26. Bd2 Be5 27. Qg2 Nf4 28. Qf3
Bb7 29. Bb3 Qh4 30. Be1 Qg5 31. Bg3 Re8 32. Ng2 Rd3 33. Bxf4 Rxf3 34. Bxg5 Bd4+
35. Be3 Bxe3+ 36. Nxe3 Rfxe3 37. Nd2 Rg3+ 38. Kf2 Rxg4 39. Rfe1 Rxe1 40. Rxe1
Rg5 41. Ne4 Rf5+ 42. Kg3 Bxd5 43. Bxd5 Kg7 44. Rd1 1-0

[Event "3rd Washington Chess Congress"]
[Site "Arlington, VA"]
[Date "2016.10.09"]
[Round "8"]
[White "Wegerle, Joerg"]
[Black "Bennett, David"]
[Result "1-0"]
[WhiteElo "2442"]
[BlackElo "2085"]
[PlyCount "85"]
[EventDate "2016.10.??"]
[EventType "swiss"]
[EventRounds "9"]
[EventCountry "USA"]

1. e4 d5 2. exd5 Nf6 3. d4 Nxd5 4. c4 Nb6 5. Nf3 g6 6. h3 Bg7 7. Be3 c5 8. Nc3
cxd4 9. Bxd4 Bxd4 10. Qxd4 Qxd4 11. Nxd4 Nc6 12. O-O-O Nxd4 13. Rxd4 O-O 14.
Be2 e5 15. Rd6 Be6 16. b3 Rad8 17. Rhd1 Rxd6 18. Rxd6 Nc8 19. Rd2 f5 20. c5 Ne7
21. Bb5 Kg7 22. Bd7 Bf7 23. b4 Nc6 24. Bxc6 bxc6 25. Rd7 a5 26. b5 cxb5 27. c6
Rc8 28. c7 Kf6 29. Nxb5 Be6 30. Rxh7 Rg8 31. Kd2 e4 32. g3 Ke5 33. a4 Kd5 34.
Kc3 Kc5 35. Re7 Kd5 36. Rxe6 Kxe6 37. Na7 Kd7 38. c8=Q+ Rxc8+ 39. Nxc8 Kxc8 40.
Kd4 Kd7 41. Kd5 Ke7 42. Ke5 Kf7 43. g4 1-0

[Event "3rd Washington Chess Congress"]
[Site "Arlington, VA"]
[Date "2016.10.09"]
[Round "8"]
[White "Kadric, Denis"]
[Black "Aponte, Felix Ynojosa"]
[Result "1-0"]
[WhiteElo "2594"]
[BlackElo "2410"]
[PlyCount "23"]
[EventDate "2016.10.??"]
[EventType "swiss"]
[EventRounds "9"]
[EventCountry "USA"]

1. e4 c5 2. Nc3 Nc6 3. Nge2 Nf6 4. d4 cxd4 5. Nxd4 e5 6. Ndb5 d6 7. Bg5 a6 8.
Na3 b5 9. Bxf6 gxf6 10. Nd5 f5 11. Bd3 f4 12. c3 1-0

[Event "3rd Washington Chess Congress"]
[Site "Arlington, VA"]
[Date "2016.10.09"]
[Round "8"]
[White "Bouzoukis, Charles"]
[Black "Balakrishnan, Praveen"]
[Result "0-1"]
[WhiteElo "2098"]
[BlackElo "2458"]
[PlyCount "88"]
[EventDate "2016.10.??"]
[EventType "swiss"]
[EventRounds "9"]
[EventCountry "USA"]

1. e4 c5 2. Nc3 d6 3. f4 g6 4. Nf3 Bg7 5. Bb5+ Bd7 6. Bxd7+ Qxd7 7. d3 Nc6 8.
O-O e6 9. Be3 Nge7 10. Qd2 O-O 11. d4 cxd4 12. Nxd4 Rfd8 13. Rad1 d5 14. exd5
Nxd5 15. Nxd5 Nxd4 16. Nc3 Qc7 17. Qf2 Nc6 18. Ne4 Qa5 19. Qh4 Qf5 20. Nd6 Qxc2
21. f5 Qe2 22. Bg5 Rd7 23. fxg6 hxg6 24. Rd2 Qh5 25. Qxh5 gxh5 26. Rfd1 Nb4 27.
Ne4 Rxd2 28. Rxd2 Nxa2 29. Rd7 b6 30. Bf6 Nb4 31. Bxg7 Kxg7 32. Nd6 Nd3 33. b3
Ne5 34. Rc7 Rd8 35. Nc4 Nxc4 36. bxc4 a5 37. c5 bxc5 38. Rxc5 Rd5 39. Rc7 a4
40. Ra7 Rd1+ 41. Kf2 Ra1 42. Kf3 a3 43. Ra5 a2 44. Kg3 e5 0-1